000 00310nam a22001337a 4500
008 170302b xxu||||| |||| 00| 0 eng d
020 _a9780815132295
041 _aeng
080 _26TH
_a616.073
100 _a6
101 _aSHM
245 _aRADIOLOGY FOR DENTAL AUXILIARIES
_cFROMMER, H.H
942 _2udc
_cBK
999 _c6535
_d6535